30 Stopni Wschodni Południk Kraje - Statystyki

Ogólne statystyki
  • Ten quiz został rozwiązany 161 razy
  • Średni wynik to 12 z 20
Statystyki odpowiedzi
stopni kraj % Poprawnych
Rosja
99%
Ukraina
85%
Turcja
84%
Egipt
81%
Sudan
79%
Bialorus
76%
Sudan Poludniowy
71%
Finlandia
68%
0.29° Rumunia
59%
Tanzania
59%
Moldawia
54%
0.20° Mozambik
54%
Uganda
54%
Zambia
52%
Rwanda
51%
Zimbabwe
51%
Burundi
41%
Dem Rep Konga
41%
Republika Poludniowej Afryki
39%
Norwegia
34%
Nie znaleziono quizów pasujących do podanych kryteriów
Rozkład punktacji
Procent ludzi z każdym wynikiem
Percentyl według liczby udzielonych odpowiedzi
Twoja historia wyników
Nie rozwiązałeś tego quizu